000 00648nam a2200181Ia 4500
008 100921s9999 xx 000 0 und d
082 _b24235
_a891.463 थ 92
100 _aमंगेशकर गीता,बांदोडकर गौरी.
245 _aभाबडी.
260 _bप्रिया प्रकाशन, मुंबई.
_c1992
300 _a213
_bमॅजेस्टीक प्रकाशन,पुणे.
365 _b100
520 _aललित-कादंबरी.
630 _aभाबडी.
650 _aललित-कादंबरी.
730 _aभाबडी.
942 _cBOOK
999 _c773348
_d773345